Enhancing the hydrophilicity of poly(lactic-co-glycolic acid) with serum albumin by creating colloidal drug carriers

Elmentve itt :
Bibliográfiai részletek
Szerzők: Kovács Nikolett Alexandra
Varga Norbert
Bogner József
Juhász Ádám
Csapó Edit
Dokumentumtípus: Cikk
Megjelent: 2024
Sorozat:JOURNAL OF MOLECULAR LIQUIDS 398
Tárgyszavak:
doi:10.1016/j.molliq.2024.124271

mtmt:34682913
Online Access:http://publicatio.bibl.u-szeged.hu/30045
LEADER 00922nab a2200253 i 4500
001 publ30045
005 20240403131347.0
008 240403s2024 hu o 0|| eng d
022 |a 0167-7322 
024 7 |a 10.1016/j.molliq.2024.124271  |2 doi 
024 7 |a 34682913  |2 mtmt 
040 |a SZTE Publicatio Repozitórium  |b hun 
041 |a eng 
100 1 |a Kovács Nikolett Alexandra 
245 1 0 |a Enhancing the hydrophilicity of poly(lactic-co-glycolic acid) with serum albumin by creating colloidal drug carriers  |h [elektronikus dokumentum] /  |c  Kovács Nikolett Alexandra 
260 |c 2024 
300 |a 9 
490 0 |a JOURNAL OF MOLECULAR LIQUIDS  |v 398 
650 4 |a Kémiai tudományok 
700 0 1 |a Varga Norbert  |e aut 
700 0 1 |a Bogner József  |e aut 
700 0 1 |a Juhász Ádám  |e aut 
700 0 1 |a Csapó Edit  |e aut 
856 4 0 |u http://publicatio.bibl.u-szeged.hu/30045/1/1-s2.0-S0167732224003271-main.pdf  |z Dokumentum-elérés